00461nam a2200109Ia 4500008004100000050002800041100002600069245012600095260008600221300002900307521001500336140724s9999 xx 000 0 und d aNC 825.C43b.Se456 2009 aSeguia, Naomi Mary S. 3aAn analysis on the game design of Warcraft III :bFrozen Throne's Defense of the Ancients (DOTA) /cNaomi Mary S. Seguia. aLas Piñas, Philippines :bSouthville International School and Colleges,cc2009. a108 p. :bill. ;c28 cm. aMedia Arts